WWE - Edge's PPV Opponents - Statistics

General Stats
  • This quiz has been taken 702 times
  • The average score is 191 of 264
Answer Stats
Year Event Match Type Opponent % Correct
2006 New Year's Revolution MITB Cash-In Match John Cena
97%
2006 Royal Rumble John Cena
97%
2006 Backlash Triple Threat Match John Cena
97%
2006 SummerSlam John Cena
97%
2006 Unforgiven TLC Match John Cena
97%
2007 Backlash Fatal 4-Way Match John Cena
97%
2009 No Way Out Elimination Chamber (2 of 2) John Cena
97%
2009 WrestleMania 25 Triple Threat Match John Cena
97%
2009 Backlash Last Man Standing Match John Cena
97%
2010 Fatal 4-Way Fatal 4-Way Match John Cena
97%
2010 Night of Champions 6-Pack Challenge Match John Cena
97%
2004 Vengeance Randy Orton
97%
2004 Survivor Series 4 vs. 4 Elimination Match Randy Orton
97%
2005 New Year's Revolution Elimination Chamber Match Randy Orton
97%
2007 Backlash Fatal 4-Way Match Randy Orton
97%
2010 Over the Limit Randy Orton
97%
2010 Fatal 4-Way Fatal 4-Way Match Randy Orton
97%
2010 Night of Champions 6-Pack Challenge Match Randy Orton
97%
2020 WrestleMania 36 Last Man Standing Randy Orton
97%
2020 Backlash Randy Orton
97%
1999 King of the Ring Tag Team Match Jeff Hardy
94%
1999 SummerSlam Tag Team Turmoil Match Jeff Hardy
94%
1999 No Mercy Tag Team Ladder Match Jeff Hardy
94%
2000 No Way Out Tag Team Match Jeff Hardy
94%
2000 WrestleMania 16 Triangle Ladder Match Jeff Hardy
94%
2000 Insurrextion Tag Team Match Jeff Hardy
94%
2000 King of the Ring 4-Team Elimination Match Jeff Hardy
94%
2000 SummerSlam 3-Team TLC Match Jeff Hardy
94%
2000 Unforgiven Tag Team Steel Cage Match Jeff Hardy
94%
2000 Survivor Series 4 vs. 4 Elimination Match Jeff Hardy
94%
2001 WrestleMania X-Seven 3-Team TLC Match Jeff Hardy
94%
2001 Insurrextion 4-Team Elimination Match Jeff Hardy
94%
2006 Survivor Series 5 vs. 5 Elimination Match Jeff Hardy
94%
2008 Armageddon Triple Threat Match Jeff Hardy
94%
2009 Royal Rumble No DQ Match Jeff Hardy
94%
2009 No Way Out Elimination Chamber (1 of 2) Jeff Hardy
94%
2009 Judgment Day Jeff Hardy
94%
2009 Extreme Rules Ladder Match Jeff Hardy
94%
2001 No Way Out 3-Team Tables Match Kane
94%
2004 Backlash 2-on-1 Mixed Handicap Match Kane
94%
2005 Vengeance Kane
94%
2009 No Way Out Elimination Chamber (2 of 2) Kane
94%
2010 Survivor Series Kane
94%
2010 TLC Fatal 4-Way TLC Match Kane
94%
2011 Elimination Chamber Elimination Chamber Match Kane
94%
1999 King of the Ring Tag Team Match Matt Hardy
93%
1999 SummerSlam Tag Team Turmoil Match Matt Hardy
93%
1999 No Mercy Tag Team Ladder Match Matt Hardy
93%
2000 No Way Out Tag Team Match Matt Hardy
93%
2000 WrestleMania 16 Triangle Ladder Match Matt Hardy
93%
2000 Insurrextion Tag Team Match Matt Hardy
93%
2000 King of the Ring 4-Team Elimination Match Matt Hardy
93%
2000 SummerSlam 3-Team TLC Match Matt Hardy
93%
2000 Unforgiven Tag Team Steel Cage Match Matt Hardy
93%
2000 Survivor Series 4 vs. 4 Elimination Match Matt Hardy
93%
2001 WrestleMania X-Seven 3-Team TLC Match Matt Hardy
93%
2001 Insurrextion 4-Team Elimination Match Matt Hardy
93%
2005 SummerSlam Matt Hardy
93%
2005 Unforgiven Steel Cage Match Matt Hardy
93%
2006 Survivor Series 5 vs. 5 Elimination Match Matt Hardy
93%
2021 WrestleMania 37 Triple Threat Match Roman Reigns
93%
2021 Money In The Bank Roman Reigns
93%
2001 Unforgiven Christian
92%
2001 No Mercy Ladder Match Christian
92%
2001 Rebellion Steel Cage Match Christian
92%
2002 Vengeance Tag Team Match Christian
92%
2008 Royal Rumble Rey Mysterio
92%
2008 No Way Out Rey Mysterio
92%
2009 No Way Out Elimination Chamber (2 of 2) Rey Mysterio
92%
2010 TLC Fatal 4-Way TLC Match Rey Mysterio
92%
2011 Elimination Chamber Elimination Chamber Match Rey Mysterio
92%
2005 New Year's Revolution Elimination Chamber Match Triple H
92%
2006 Backlash Triple Threat Match Triple H
92%
2006 Cyber Sunday Tag Match, Ref: Eric Bischoff Triple H
92%
2006 Survivor Series 5 vs. 5 Elimination Match Triple H
92%
2007 New Year's Revolution Tag Team Match Triple H
92%
2008 The Great American Bash Triple H
92%
2008 Survivor Series Triple Threat Match Triple H
92%
2008 Armageddon Triple Threat Match Triple H
92%
2009 No Way Out Elimination Chamber (1 of 2) Triple H
92%
2001 No Way Out 3-Team Tables Match The Undertaker
91%
2007 Armageddon Triple Threat Match The Undertaker
91%
2008 WrestleMania XXIV The Undertaker
91%
2008 Backlash The Undertaker
91%
2008 Judgment Day The Undertaker
91%
2008 One Night Stand TLC Match The Undertaker
91%
2008 SummerSlam Hell in a Cell Match The Undertaker
91%
2009 No Way Out Elimination Chamber (1 of 2) The Undertaker
91%
2021 WrestleMania 37 Triple Threat Match Daniel Bryan
90%
2022 Hell in a Cell 6-Person Mixed Tag Team Match Finn Balor
90%
2022 Clash at the Castle Tag Team Match Finn Balor
90%
2022 Extreme Rules "I Quit" Match Finn Balor
90%
2023 Elimination Chamber Mixed Tag Team Match Finn Balor
90%
2023 WrestleMania 39 Hell in a Cell Match Finn Balor
90%
2001 Judgment Day Tag Team Turmoil Match Chris Jericho
89%
2004 SummerSlam Chris Jericho
89%
2004 Survivor Series 4 vs. 4 Elimination Match Chris Jericho
89%
2005 New Year's Revolution Elimination Chamber Match Chris Jericho
89%
2009 No Way Out Elimination Chamber (2 of 2) Chris Jericho
89%
2010 WrestleMania XXVI Chris Jericho
89%
2010 Extreme Rules Steel Cage Match Chris Jericho
89%
2010 Night of Champions 6-Pack Challenge Match Chris Jericho
89%
2004 SummerSlam Batista
88%
2005 New Year's Revolution Elimination Chamber Match Batista
88%
2007 Judgment Day Batista
88%
2007 One Night Stand Steel Cage Match Batista
88%
2007 Vengeance: Night of Champions Last Chance Match Batista
88%
2007 Armageddon Triple Threat Match Batista
88%
2008 Night of Champions Batista
88%
2009 No Way Out Elimination Chamber (1 of 2) The Big Show
88%
2009 WrestleMania 25 Triple Threat Match The Big Show
88%
2011 Elimination Chamber Elimination Chamber Match The Big Show
88%
2006 Cyber Sunday Tag Match, Ref: Eric Bischoff Shawn Michaels
87%
2006 Survivor Series 5 vs. 5 Elimination Match Shawn Michaels
87%
2007 New Year's Revolution Tag Team Match Shawn Michaels
87%
2021 SummerSlam Seth Rollins
86%
2021 Crown Jewel Hell in a Cell Match Seth Rollins
86%
2007 Backlash Fatal 4-Way Match Shawn Michaels
86%
2000 WrestleMania 16 Triangle Ladder Match Bubba Ray Dudley
85%
2000 SummerSlam 3-Team TLC Match Bubba Ray Dudley
85%
2000 Survivor Series 4 vs. 4 Elimination Match Bubba Ray Dudley
85%
2000 Rebellion 3-Team Match Bubba Ray Dudley
85%
2000 Armageddon 4-Team Match Bubba Ray Dudley
85%
2001 Royal Rumble Tag Team Match Bubba Ray Dudley
85%
2001 No Way Out 3-Team Tables Match Bubba Ray Dudley
85%
2001 WrestleMania X-Seven 3-Team TLC Match Bubba Ray Dudley
85%
2001 Insurrextion 4-Team Elimination Match Bubba Ray Dudley
85%
2022 Clash at the Castle Tag Team Match Damian Priest
85%
2000 WrestleMania 16 Triangle Ladder Match D-Von Dudley
85%
2000 SummerSlam 3-Team TLC Match D-Von Dudley
85%
2000 Survivor Series 4 vs. 4 Elimination Match D-Von Dudley
85%
2000 Rebellion 3-Team Match D-Von Dudley
85%
2000 Armageddon 4-Team Match D-Von Dudley
85%
2001 Royal Rumble Tag Team Match D-Von Dudley
85%
2001 No Way Out 3-Team Tables Match D-Von Dudley
85%
2001 WrestleMania X-Seven 3-Team TLC Match D-Von Dudley
85%
2001 Insurrextion 4-Team Elimination Match D-Von Dudley
85%
2010 Bragging Rights Team Raw vs. Team Smackdown The Miz
85%
2022 Day 1 The Miz
85%
2022 Royal Rumble Mixed Tag Team Match The Miz
85%
2000 King of the Ring 4-Team Elimination Match Test
84%
2000 Rebellion 3-Team Match Test
84%
2000 King of the Ring 4-Team Elimination Match Albert
82%
2000 Rebellion 3-Team Match Albert
82%
2010 TLC Fatal 4-Way TLC Match Alberto Del Rio
82%
2011 WrestleMania XXVII Alberto Del Rio
82%
2006 Survivor Series 5 vs. 5 Elimination Match CM Punk
81%
2010 Bragging Rights Team Raw vs. Team Smackdown CM Punk
81%
2001 King of the Ring KOTR Final Match Kurt Angle
81%
2002 Backlash Kurt Angle
81%
2002 Judgment Day Hair vs. Hair Match Kurt Angle
81%
2002 No Mercy Tag Team Match Kurt Angle
81%
2002 Survivor Series 3-Team Match Kurt Angle
81%
2001 Judgment Day Tag Team Turmoil Match Chris Benoit
78%
2002 No Mercy Tag Team Match Chris Benoit
78%
2002 Survivor Series 3-Team Match Chris Benoit
78%
2004 Survivor Series 4 vs. 4 Elimination Match Chris Benoit
78%
2005 New Year's Revolution Elimination Chamber Match Chris Benoit
78%
2005 Backlash Last Man Standing Match Chris Benoit
78%
2010 Fatal 4-Way Fatal 4-Way Match Sheamus
78%
2010 Night of Champions 6-Pack Challenge Match Sheamus
78%
2010 Bragging Rights Team Raw vs. Team Smackdown Sheamus
78%
2022 WrestleMania 38 AJ Styles
77%
2022 WrestleMania Backlash AJ Styles
77%
2022 Hell in a Cell 6-Person Mixed Tag Team Match AJ Styles
77%
2023 Elimination Chamber Mixed Tag Team Match Rhea Ripley
77%
2010 SummerSlam 7 vs. 7 Elimination Match Wade Barrett
77%
2002 SummerSlam Eddie Guerrero
76%
2002 Unforgiven Eddie Guerrero
76%
2002 Survivor Series 3-Team Match Eddie Guerrero
76%
2006 WrestleMania 22 Hardcore Match Mick Foley
74%
2006 Vengeance Rob Van Dam
74%
2002 Rebellion 2-on-1 Handicap Match Brock Lesnar
73%
2010 Night of Champions 6-Pack Challenge Match Wade Barrett
72%
2011 Elimination Chamber Elimination Chamber Match Wade Barrett
72%
2002 Survivor Series 3-Team Match Chavo Guerrero
70%
2010 SummerSlam 7 vs. 7 Elimination Match Heath Slater
68%
2006 New Year's Revolution Ric Flair
67%
2002 WrestleMania X8 Booker T
66%
2011 Royal Rumble Dolph Ziggler
66%
2010 SummerSlam 7 vs. 7 Elimination Match Justin Gabriel
66%
2022 Royal Rumble Mixed Tag Team Match Maryse
66%
2009 The Bash 3-Team Match Cody Rhodes
63%
2010 SummerSlam 7 vs. 7 Elimination Match David Otunga
63%
2010 SummerSlam 7 vs. 7 Elimination Match Darren Young
57%
2011 Elimination Chamber Elimination Chamber Match Drew McIntyre
56%
2000 Backlash Tag Team Match Road Dogg
55%
2010 SummerSlam 7 vs. 7 Elimination Match Skip Sheffield
55%
2000 Backlash Tag Team Match X-Pac
55%
2010 Bragging Rights Team Raw vs. Team Smackdown John Morrison
54%
2001 Survivor Series Test
54%
1999 Unforgiven Tag Team Match Mr. Ass
52%
1999 Unforgiven Tag Team Match Road Dogg
52%
2000 Armageddon 4-Team Match Road Dogg
52%
2010 Bragging Rights Team Raw vs. Team Smackdown R-Truth
52%
2001 Insurrextion 4-Team Elimination Match X-Pac
52%
2009 The Bash 3-Team Match Carlito
51%
2010 SummerSlam 7 vs. 7 Elimination Match Michael Tarver
51%
2009 The Bash 3-Team Match Ted DiBiase
50%
2022 Hell in a Cell 6-Person Mixed Tag Team Match Liv Morgan
49%
2001 Vengeance William Regal
49%
2002 Royal Rumble William Regal
49%
2002 No Way Out Brass Knuckles on a Pole Match William Regal
49%
1999 Backlash 6-Man Tag Team Match Faarooq
48%
1999 SummerSlam Tag Team Turmoil Match Faarooq
48%
1999 Rebellion 3-Team Tag Team Match Faarooq
48%
2000 Fully Loaded Tag Team Match Faarooq
48%
2006 ECW One Night Stand 6-Person Mixed Tag Team Match Tommy Dreamer
48%
2010 Hell in a Cell Jack Swagger
47%
1998 Breakdown Owen Hart
47%
2002 Armageddon A-Train
46%
1999 SummerSlam Tag Team Turmoil Match Prince Albert
46%
2000 Judgment Day 6-Man Tag Team Match Rikishi
46%
1999 Backlash 6-Man Tag Team Match Bradshaw
45%
1999 No Mercy (UK) 6-Man Tag Team Match Bradshaw
45%
1999 SummerSlam Tag Team Turmoil Match Bradshaw
45%
1999 Rebellion 3-Team Tag Team Match Bradshaw
45%
2000 Fully Loaded Tag Team Match Bradshaw
45%
2008 Survivor Series Triple Threat Match Vladimir Kozlov
44%
2009 No Way Out Elimination Chamber (1 of 2) Vladimir Kozlov
44%
1999 No Mercy (UK) 6-Man Tag Team Match Faarooq
41%
1998 Rock Bottom 6-Man Tag Team Match Bob Holly
40%
1999 Rebellion 3-Team Tag Team Match Hardcore Holly
40%
1999 Survivor Series 4 vs. 4 Elimination Match Hardcore Holly
40%
1999 Rebellion 3-Team Tag Team Match Crash Holly
39%
1999 Survivor Series 4 vs. 4 Elimination Match Crash Holly
39%
2001 Invasion Tag Team Match Lance Storm
39%
2001 SummerSlam Lance Storm
39%
2002 Vengeance Tag Team Match Lance Storm
39%
2001 King of the Ring KOTR Semi-Finals Rhyno
38%
2000 Judgment Day 6-Man Tag Team Match Scotty 2 Hotty
37%
2000 King of the Ring 4-Team Elimination Match Scotty 2 Hotty
37%
2010 Bragging Rights Team Raw vs. Team Smackdown Santino Marella
36%
1999 Survivor Series 4 vs. 4 Elimination Match Scotty 2 Hotty
36%
2004 Survivor Series 4 vs. 4 Elimination Match Maven
35%
2009 No Way Out Elimination Chamber (2 of 2) Mike Knox
34%
1999 Survivor Series 4 vs. 4 Elimination Match Grandmaster Sexay
33%
2000 Judgment Day 6-Man Tag Team Match Grandmaster Sexay
33%
2000 King of the Ring 4-Team Elimination Match Grandmaster Sexay
33%
2009 The Bash 3-Team Match Primo
33%
2002 Rebellion 2-on-1 Handicap Match Paul Heyman
32%
2006 ECW One Night Stand 6-Person Mixed Tag Team Match Terry Funk
32%
1999 No Mercy (UK) 6-Man Tag Team Match Viscera
29%
1999 SummerSlam Tag Team Turmoil Match Viscera
29%
1999 Fully Loaded Jeff Jarrett
27%
1998 SummerSlam Mixed Tag Team Match Marc Mero
25%
1998 Rock Bottom 6-Man Tag Team Match Al Snow
23%
2010 Bragging Rights Team Raw vs. Team Smackdown Ezekiel Jackson
22%
2001 Insurrextion 4-Team Elimination Match Justin Credible
22%
2006 ECW One Night Stand 6-Person Mixed Tag Team Match Beulah McGillicutty
21%
1998 SummerSlam Mixed Tag Team Match Jacqueline
21%
2004 Bad Blood Tag Team Match Sylvain Grenier
21%
2004 Taboo Tuesday Tag Team Match Sylvain Grenier
21%
1999 Backlash 6-Man Tag Team Match Mideon
20%
1999 SummerSlam Tag Team Turmoil Match Mideon
20%
2004 Bad Blood Tag Team Match Robert Conway
20%
2004 Taboo Tuesday Tag Team Match Robert Conway
20%
2000 Armageddon 4-Team Match K-Kwik
18%
2000 Armageddon 4-Team Match Bull Buchanan
17%
2001 Invasion Tag Team Match Mike Awesome
15%
2000 Armageddon 4-Team Match The Goodfather
14%
1999 SummerSlam Tag Team Turmoil Match Droz
12%
1998 Rock Bottom 6-Man Tag Team Match Scorpio
11%
1998 Capital Carnage Tiger Ali Singh
7%
No matching quizzes found
Score Distribution
Percent of People with Each Score
Percentile by Number Answered
Your Score History
You have not taken this quiz